5HLuxD.jpg

KING HENRY VIII SENIOR AND PRIMARY SCHOOL LIBRARY OPAC

Complete Physics for Cambridge Secondary 1: (Record no. 5162)

000 -LEADER
fixed length control field 00909nam a22002177a 4500
003 - CONTROL NUMBER IDENTIFIER
control field OSt
005 - DATE AND TIME OF LATEST TRANSACTION
control field 20250813144124.0
008 - FIXED-LENGTH DATA ELEMENTS--GENERAL INFORMATION
fixed length control field 250813b ||||| |||| 00| 0 eng d
020 ## - INTERNATIONAL STANDARD BOOK NUMBER
International Standard Book Number 9780198390251
040 ## - CATALOGING SOURCE
Transcribing agency KH8
082 ## - DEWEY DECIMAL CLASSIFICATION NUMBER
Classification number 530 REY
100 ## - MAIN ENTRY--PERSONAL NAME
Personal name Reynolds Helen,
Relator term author.
245 ## - TITLE STATEMENT
Title Complete Physics for Cambridge Secondary 1:
Remainder of title Workbook /
Statement of responsibility, etc. Helen Reynolds.
260 ## - PUBLICATION, DISTRIBUTION, ETC.
Place of publication, distribution, etc. New York ;
Name of publisher, distributor, etc. Oxford University Press ,
Date of publication, distribution, etc. 2013.
300 ## - PHYSICAL DESCRIPTION
Extent v, 128 pages :
Other physical details illustrations ;
Dimensions 30 cm.
490 ## - SERIES STATEMENT
Series statement Complete Physics for Cambridge Secondary
Volume/sequential designation 1
520 ## - SUMMARY, ETC.
Summary, etc. Complete Physics for Cambridge Secondary 1 directly supports the Physics elements of the Cambridge Secondary 1 Science curriculum framework, enabling learners to tackle the Checkpoint test and rise to the challenge of Cambridge IGCSE with confidence.
650 ## - SUBJECT ADDED ENTRY--TOPICAL TERM
Topical term or geographic name entry element Practice book
Form subdivision Physics
650 ## - SUBJECT ADDED ENTRY--TOPICAL TERM
Topical term or geographic name entry element Exam preparation book
Form subdivision Physics
942 ## - ADDED ENTRY ELEMENTS (KOHA)
Source of classification or shelving scheme
Koha item type Teaching Resources
Holdings
Withdrawn status Lost status Source of classification or shelving scheme Damaged status Not for loan Collection code Permanent Location Current Location Shelving location Date acquired Full call number Barcode Date last seen Price effective from Koha item type
          Teaching Resources KH8 Senior School Library KH8 Senior School Library Staff Office 2025-08-13 530 REY TRKHSL000970 2025-08-13 2025-08-13 Teaching Resources

Powered By KH8 IT Dept